[Event "Tourn. n8930"]
[Site "www.chess-mail.com"]
[Date "2016.12.10"]
[Round "1"]
[White "Tartan"]
[Black "Numanoid"]
[WhiteElo "2410"]
[BlackElo "2280"]
[Result "0-1"]
[Round "1"]
1.e4 e6
2.d4 d5
3.Nb1c3 Bf8b4
4.e5 c5
5.a3 Bb4xc3
6.bxc3 Ng8e7
7.Qd1g4 Kf8
8.a4 Qd8c7
9.Ng1f3 h5
10.Qg4g5 cxd4
11.Bc1b2 dxc3
12.Bb2a3 Nb8c6
13.Ba3d6 Qc7d8
14.Bf1d3 Kg8
15.O-O Ne7f5
16.Qg5xd8 Nc6xd8
17.Bd6b4 Bc8d7
18.Bb4xc3 Ra8c8
19.Bc3d2 Nd8c6
20.a5 h4
21.Bd2f4 Nc6b4
22.Bd3xf5 exf5
23.Ra1b1 Rc8c4
24.Bf4e3 f4
25.Be3xa7 Rh8h6
26.Nf3d2 Rc4xc2
27.Rb1xb4 Rc2xd2
28.Rb4xb7 Bd7c6
29.Rb7b8 Kh7
30.Rb8b4 d4
31.Rb4xd4 Rh6g6
32.Rd4xd2 Rg6xg2
33.Kh1 Rg2xf2
34.Kg1 Rf2g2
35.Kh1 Rg2xd2
36.Kg1 Rd2g2
{ resign }
0-1

[Event "Match"]
[Site "www.echecsemail.com"]
[Date "2016.12.10"]
[Round "1"]
[White "Jobeye"]
[Black "Caspito"]
[WhiteElo "2419"]
[BlackElo "1880"]
[Result "1-0"]
[Round "1"]
1.g4 e5
2.d3 d5
3.Bf1g2 Bc8xg4
4.Nb1c3 Bf8b4
5.Bc1d2 Bb4xc3
6.Bd2xc3 Nb8c6
7.h3 Bg4e6
8.Ng1f3 Ng8f6
9.Nf3xe5 Nc6xe5
10.Bc3xe5 Nf6d7
11.Be5f4 f6
12.Bf4g3 Nd7e5
13.c3 Qd8e7
14.f4 Ne5f7
15.Qd1a4 c6
16.O-O-O O-O
17.e4 Nf7d8
18.Rd1e1 b5
19.Qa4d1 a5
20.exd5 cxd5
21.Bg2xd5 Ra8a6
22.f5 b4
23.fxe6 bxc3
24.Qd1b3 cxb2
25.Qb3xb2 Nd8xe6
26.Qb2b5 Rf8c8
27.Kd2 { resign }
1-0

[Event "Match"]
[Site "www.echecsemail.com"]
[Date "2016.12.10"]
[Round "1"]
[White "Tonino1"]
[Black "Silent1"]
[WhiteElo "2030"]
[BlackElo "1930"]
[Result "1-0"]
[Round "1"]
1.f4 d5
2.d4 e6
3.e3 Ng8f6
4.Bf1d3 Nb8c6
5.b3 Bf8b4
6.c3 Bb4d6
7.Bc1b2 O-O
8.Nb1d2 a6
9.Ng1f3 Nf6g4
10.Qd1e2 h6
11.O-O Ng4f6
12.Nf3e5 Bc8d7
13.Ne5xd7 Qd8xd7
14.e4 dxe4
15.Nd2xe4 Nc6e7
16.Ne4xd6 cxd6
17.c4 b6
18.d5 exd5
19.Bb2xf6 dxc4
20.Qe2xe7 Qd7xe7
21.Bf6xe7 Rf8e8
22.Bd3xc4 Re8xe7
23.Ra1e1 Kf8
24.Re1xe7 Kxe7
25.Rf1e1 Kf8
26.f5 b5
27.Bc4d5 Ra8a7
28.Bd5c6 f6
29.Re1e8 Kf7
30.Re8b8 Ra7e7
31.Rb8b7 Re7xb7
32.Bc6xb7 a5
33.Bb7d5 Ke7
34.Kf2 b4
35.g4 Kd7
36.Ke3 Kc7
37.Kd4 Kb6
38.Bd5e4 Kc7
39.Kd5 Kd7
40.Be4d3 { resign }
1-0

[Event "Match"]
[Site "www.echecsemail.com"]
[Date "2016.12.10"]
[Round "1"]
[White "Billyg"]
[Black "Coraza8091"]
[WhiteElo "1680"]
[BlackElo "1490"]
[Result "0-1"]
[Round "1"]
1.e4 e5
2.Ng1f3 Nb8c6
3.a3 Ng8f6
4.d4 Qd8e7
5.Bc1g5 b6
6.Bf1d3 d6
7.Nb1c3 Bc8g4
8.h3 Bg4xf3
9.Qd1xf3 Nc6xd4
10.Qf3e3 c5
11.Bg5xf6 Qe7xf6
12.Nc3d5 Qf6d8
13.O-O-O Bf8e7
14.c3 Nd4b3
15.Kc2 Nb3a5
16.Bd3b5 Kf8
17.Rd1a1 a6
18.Bb5a4 Na5c4
19.Qe3e2 b5
20.Ba4b3 Nc4a5
21.c4 b4
22.a4 Na5c6
23.Kb1 Nc6d4
24.Qe2d1 a5
25.Qd1d3 h5
26.Bb3d1 Be7g5
27.g3 Ra8b8
28.h4 Bg5h6
29.Bd1xh5 g6
30.Bh5f3 b3
31.Nd5c3 Nd4c2
32.Nc3b5 Nc2xa1
33.Nb5xd6 Na1c2
34.Bf3d1 Nc2b4
35.Qd3c3 Qd8xd6
36.Bd1xb3 Bh6d2
37.Qc3f3 Nb4d3
38.Rh1d1 Nd3e1
39.Qf3g4 Qd6d3
40.Ka2 Qd3xb3
{ resign }
0-1

[Event "Match"]
[Site "www.echecsemail.com"]
[Date "2016.12.10"]
[Round "1"]
[White "Coraza8091"]
[Black "Manuelito"]
[WhiteElo "1490"]
[BlackElo "1740"]
[Result "0-1"]
[Round "1"]
1.e4 e5
2.Ng1f3 Nb8c6
3.Bf1c4 h6
4.c3 d6
5.Bc4b5 Bc8d7
6.Bb5xc6 Bd7xc6
7.d3 Ng8f6
8.O-O Bf8e7
9.a4 a5
10.d4 exd4
11.Qd1xd4 O-O
12.Nb1d2 b6
13.Nd2c4 Qd8d7
14.h3 Nf6xe4
15.b4 Ne4f6
16.Bc1f4 Bc6xf3
17.Nc4d2 Bf3b7
18.Ra1e1 Nf6d5
19.g3 Qd7xh3
20.Nd2f3 Nd5xf4
21.Qd4xf4 Be7f6
22.Nf3h2 Qh3g2
{ resign }
0-1

[Event "Match"]
[Site "www.echecsemail.com"]
[Date "2016.12.10"]
[Round "1"]
[White "Tonino1"]
[Black "Hundegana"]
[WhiteElo "2030"]
[BlackElo "1980"]
[Result "1-0"]
[Round "1"]
1.f4 b6
2.d4 Bc8b7
3.e3 e6
4.Ng1f3 Ng8f6
5.Bf1d3 h6
6.b3 Bf8b4
7.c3 Bb4e7
8.Bc1b2 d5
9.Nb1d2 Nf6e4
10.O-O a6
11.Nf3e5 Nb8d7
12.Ra1c1 Nd7xe5
13.fxe5 Ne4xd2
14.Qd1xd2 Ra8c8
15.Qd2f2 Rh8f8
16.Qf2g3 g5
17.c4 c5
18.dxc5 Be7xc5
19.Bb2d4 Bc5xd4
20.exd4 dxc4
21.Bd3xc4 Qd8xd4
22.Kh1 Rc8c5
23.Rf1e1 b5
24.Rc1d1 Qd4f4
25.Qg3d3 Bb7d5
26.Bc4xd5 Rc5xd5
27.Qd3c3 Rd5xd1
28.Re1xd1 f5
29.Qc3c8 Kf7
30.Qc8d7 Kg8
31.Qd7xe6 Rf8f7
32.Qe6g6 Kf8
33.Rd1d8 Ke7
34.Qg6d6 { resign }
1-0

[Event "Match"]
[Site "www.echecsemail.com"]
[Date "2016.12.10"]
[Round "1"]
[White "Billyg"]
[Black "Urbe69"]
[WhiteElo "1730"]
[BlackElo "1729"]
[Result "0-1"]
[Round "1"]
1.e4 e6
2.d4 d5
3.e5 c5
4.Bc1e3 cxd4
5.Qd1xd4 Nb8c6
6.Qd4a4 Bc8d7
7.Bf1b5 Nc6xe5
8.Bb5xd7 Qd8xd7
9.Qa4xd7 Ne5xd7
10.Nb1c3 Ng8f6
11.Nc3b5 Ra8c8
12.c3 a6
13.Ng1f3 axb5
14.Ke2 b4
15.Rh1c1 bxc3
16.bxc3 Bf8d6
17.Kf1 O-O
18.Be3g5 h6
19.Bg5xf6 Nd7xf6
20.Nf3d4 Nf6e4
21.g3 Rc8xc3
22.Rc1xc3 Ne4xc3
23.f4 Rf8a8
24.f5 e5
25.Nd4f3 Ra8xa2
26.Ra1e1 Nc3e4
27.g4 Ne4d2
28.Nf3xd2 Ra2xd2
29.h4 b5
30.g5 hxg5
31.hxg5 b4
32.Re1a1 b3
33.g6 fxg6
34.fxg6 b2
35.Ra1a8 Bd6f8
36.Ra8b8 Rd2d1
{ resign }
0-1

[Event "Match"]
[Site "www.echecsemail.com"]
[Date "2016.12.10"]
[Round "1"]
[White "Wagner"]
[Black "Jobeye"]
[WhiteElo "1840"]
[BlackElo "1809"]
[Result "0-1"]
[Round "1"]
1.Ng1f3 d5
2.d4 c5
3.Bc1d2 c4
4.Nb1c3 Bc8f5
5.Bd2f4 a6
6.h3 Nb8c6
7.b3 e6
8.bxc4 dxc4
9.e4 Bf5g6
10.Bf1xc4 Bf8b4
11.Bf4d2 Nc6xd4
12.O-O b5
13.Nf3e5 bxc4
14.Ra1b1 Bb4d6
15.Ne5xg6 hxg6
16.Qd1g4 Ng8f6
17.Qg4g5 Rh8h5
18.Qg5e3 Nd4xc2
19.Qe3e2 Bd6c5
20.Qe2xc4 Qd8xd2
21.Qc4xc5 Rh5xc5
{ resign }
0-1

[Event "1/16 Finale"]
[Site "www.chess-mail.com"]
[Date "2016.12.10"]
[Round "1"]
[White "Fjpv"]
[Black "Asoka"]
[WhiteElo "2680"]
[BlackElo "2710"]
[Result "0-1"]
[Round "1"]
1.e4 c5
2.c3 Ng8f6
3.e5 Nf6d5
4.d4 cxd4
5.Ng1f3 Nb8c6
6.Bf1c4 Nd5b6
7.Bc4b3 d6
8.exd6 Qd8xd6
9.O-O Bc8e6
10.Bb3xe6 Qd6xe6
11.Nf3xd4 Nc6xd4
12.cxd4 Qe6d7
13.Nb1c3 g6
14.Qd1b3 Bf8g7
15.Bc1e3 O-O
16.Ra1d1 Rf8d8
17.d5 Nb6c8
18.Nc3a4 Nc8d6
19.Rf1e1 Ra8c8
20.Na4c5 Qd7c7
21.Nc5d3 Nd6c4
22.Be3f4 Qc7d7
23.g3 Nc4b6
24.d6 exd6
25.Bf4e3 Nb6c4
26.Be3xa7 b5
27.Ba7e3 Rd8e8
28.Be3f4 Qd7f5
29.Re1xe8 Rc8xe8
30.a4 g5
31.axb5 d5
32.Bf4xg5 Qf5xg5
33.Nd3f4 Qg5e5
34.Nf4xd5 Qe5e2
35.Nd5f4 Qe2e4
36.Rd1c1 Nc4d6
37.b6 Bg7d4
38.Qb3d5 Qe4xd5
39.Nf4xd5 Re8e5
40.Rc1c8 Kg7
41.Nd5c3 Bd4xb6
42.Rc8c6 Bb6c5
43.Kg2 Nd6f5
44.f4 Nf5e7
45.Rc6c7 Bc5d6
46.Rc7b7 Re5e6
47.Rb7b5 Ne7c6
48.h4 h6
49.Kh3 Bd6f8
50.Nc3d5 Nc6d4
51.Rb5b7 h5
52.b4 Re6a6
53.Nd5c3 Ra6a1
54.Nc3e4 Ra1h1
55.Kg2 Rh1e1
56.Ne4g5 Re1e2
57.Kf1 Re2e7
58.Rb7b6 f6
59.f5 Nd4xf5
60.Ng5e6 Re7xe6
61.Rb6xe6 Bf8xb4
62.Kg2 Bb4d6
63.Re6e8 Bd6xg3
64.Re8a8 Bg3xh4
65.Ra8a5 Kg6
66.Ra5a8 Nf5e3
67.Kh3 Bh4g5
68.Ra8a6 Ne3c4
69.Kg2 Nc4e5
70.Kg3 Bg5d2
71.Kh3 Kg5
72.Ra6a1 f5
73.Ra1g1 Ne5g4
74.Rg1b1 Ng4f2
75.Kg3 Nf2e4
76.Kh3 Bd2e3
77.Rb1b8 Be3f2
78.Rb8a8 Bf2g3
79.Ra8g8 Kf4
80.Rg8a8 Ne4g5
81.Kg2 Kg4
82.Ra8a1 h4
 { time }
0-1

[Event "Eq:Nightwish-Los Tercios : "]
[Site "www.chess-mail.com"]
[Date "2016.12.10"]
[Round "1"]
[White "Stevefillion"]
[Black "Jackbauer"]
[WhiteElo "2360"]
[BlackElo "1970"]
[Result "1-0"]
[Round "1"]
1.c4 g6
2.d4 Bf8g7
3.Nb1c3 c5
4.d5 Bg7xc3
5.bxc3 f5
6.e4 fxe4
7.h4 Qd8a5
8.h5 Qa5xc3
9.Bc1d2 Qc3f6
10.Ng1e2 d6
11.Bd2c3 Qf6f5
12.Bc3xh8 g5
13.Ne2g3 Qf5f7
14.Ng3xe4 e6
15.Ne4xd6 { resign }
1-0

[Event "Fast Game"]
[Site "www.echecsemail.com"]
[Date "2016.12.10"]
[Round "1"]
[White "Pellix84"]
[Black "Jobeye"]
[WhiteElo "1610"]
[BlackElo "1599"]
[Result "1-0"]
[Round "1"]
1.d4 d6
2.e4 b6
3.Nb1c3 Bc8b7
4.Bf1d3 Nb8d7
5.f4 e5
6.fxe5 dxe5
7.Ng1f3 exd4
8.Nf3xd4 Qd8h4
9.g3 Qh4f6
10.Nd4b5 Bf8d6
11.Bc1f4 Bd6xf4
12.Rh1f1 Bf4xg3
13.hxg3 Qf6c6
14.Nc3d5 Kf8
15.Nb5xc7 Ra8c8
16.Bd3b5 Qc6g6
17.Qd1f3 Nd7e5
18.Qf3a3 Ng8e7
19.Qa3xe7 Kg8
20.Qe7xe5 Bb7xd5
21.Nc7xd5 Qg6e6
22.Nd5e7 { resign }
1-0

[Event "Tourn. n9039"]
[Site "www.chess-mail.com"]
[Date "2016.12.11"]
[Round "1"]
[White "Rons"]
[Black "Fjpv"]
[WhiteElo "2520"]
[BlackElo "2680"]
[Result "1-0"]
[Round "1"]
1.e4 e5
2.Ng1f3 Ng8f6
3.Nf3xe5 d6
4.Ne5f3 Nf6xe4
5.d4 d5
6.Bf1d3 Nb8c6
7.O-O Bf8e7
8.c4 Nc6b4
9.Bd3e2 O-O
10.Nb1c3 Bc8e6
11.Nf3e5 f6
12.Ne5f3 f5
13.a3 Nb4c6
14.Nc3xd5 Be6xd5
15.cxd5 Qd8xd5
16.Bc1f4 Be7d6
17.Qd1a4 Kh8
18.Be2c4 Qd5a5
19.Qa4xa5 Nc6xa5
20.Bf4xd6  { time }
1-0

[Event "Tourn. n9039"]
[Site "www.chess-mail.com"]
[Date "2016.12.11"]
[Round "1"]
[White "Senitram"]
[Black "Fjpv"]
[WhiteElo "2690"]
[BlackElo "2680"]
[Result "1-0"]
[Round "1"]
1.Ng1f3 Ng8f6
2.d4 e6
3.g3 b6
4.Bf1g2 Bc8b7
5.O-O Bf8e7
6.c4 O-O
7.Nb1c3 Nf6e4
8.Qd1d3 Ne4xc3
9.Qd3xc3 c5
10.Bc1f4 cxd4
11.Qc3xd4 d6
12.Qd4d3 Nb8a6
13.Rf1d1 Na6c5
14.Qd3c2  { time }
1-0

[Event "Tourn. n9061"]
[Site "www.chess-mail.com"]
[Date "2016.12.11"]
[Round "1"]
[White "Hansen"]
[Black "Azulmarino"]
[WhiteElo "1610"]
[BlackElo "1580"]
[Result "0-1"]
[Round "1"]
1.e4 e5
2.Bf1c4 Ng8f6
3.g4 g5
4.Qd1f3 Nb8c6
5.Qf3f5 d5
6.Qf5xg5 Nf6xg4
7.Qg5h5 dxc4
8.b4 Nc6xb4
9.Nb1a3 Qd8f6
10.Ng1h3 Bf8c5
11.c3 Nb4d3
12.Ke2 Nd3xf2
13.Rh1f1 Ng4xh2
14.Rf1xf2 Bc8g4
15.Qh5xg4 Nh2xg4
16.Rf2xf6 Ng4xf6
17.Na3b5 Ra8c8
18.a4 a6
19.Nb5a3 Nf6xe4
20.Na3xc4 f6
21.d3 Ne4xc3
22.Kd2 Bc5d4
23.Nc4a5 Nc3d5
24.Ra1b1 h5
25.Rb1xb7 Bd4c3
26.Ke2 Bc3xa5
27.Nh3f2 Ba5b6
28.Nf2e4 Rh8g8
29.Ne4xf6 Nd5xf6
30.Kf3 h4
31.a5 h3
32.axb6 h2
33.Ke2 h1Q
34.Bc1b2 Rg8g3
35.Kd2 Qh1g2
36.Kc3 Qg2xb7
{ resign }
0-1

[Event "Tourn. n9036"]
[Site "www.chess-mail.com"]
[Date "2016.12.11"]
[Round "1"]
[White "Madz123456"]
[Black "Lachouette"]
[WhiteElo "1420"]
[BlackElo "1509"]
[Result "1-0"]
[Round "1"]
1.e4 e5
2.Ng1f3 d6
3.d4 Bc8g4
4.dxe5 Bg4xf3
5.Qd1xf3 dxe5
6.Qf3b3 Nb8c6
7.Qb3xb7 Nc6d4
8.Bf1b5 Nd4xb5
9.Qb7c6 Ke7
10.Qc6xb5 Ng8f6
11.Nb1c3 g6
12.Bc1g5 Bf8g7
13.Ra1d1 Qd8b8
14.Nc3d5 Kf8
15.Qb5c5 Kg8
16.Nd5e7 Kf8
17.Ne7c8 Kg8
18.Rd1d8 Bg7f8
19.Qc5xf8 { resign }
1-0

[Event "Tourn. n9062"]
[Site "www.chess-mail.com"]
[Date "2016.12.11"]
[Round "1"]
[White "Bojan"]
[Black "Susov"]
[WhiteElo "1960"]
[BlackElo "1860"]
[Result "1-0"]
[Round "1"]
1.b4 e5
2.a3 d5
3.Bc1b2 Nb8c6
4.e3 Bf8d6
5.c4 d4
6.b5 Nc6e7
7.exd4 e4
8.Nb1c3 Ng8f6
9.h3 h6
10.g3 b6
11.Qd1e2 O-O
12.Bf1g2 Bc8b7
13.Nc3xe4 Rf8e8
14.d3 Ne7f5
15.Qe2c2 c5
16.bxc6 Bb7xc6
17.O-O-O Bc6xe4
18.dxe4 Bd6xg3
19.exf5 Ra8c8
20.fxg3 b5
21.c5 Nf6d5
22.Bg2xd5 Qd8xd5
23.Ng1e2 Re8e3
24.g4 a6
25.Ne2f4 Qd5f3
26.Nf4d3 Re3e2
27.Qc2c3 Qf3e3
28.Kb1 Qe3e4
29.d5 f6
30.d6 Qe4c4
31.Rh1e1 Rc8e8
32.Re1xe2 Re8xe2
33.Qc3xc4 bxc4
34.Nd3b4 a5
35.Nb4c6 a4
36.d7 { resign }
1-0

[Event "Tourn. n9093"]
[Site "www.chess-mail.com"]
[Date "2016.12.11"]
[Round "1"]
[White "Winston"]
[Black "Madz123456"]
[WhiteElo "1469"]
[BlackElo "1450"]
[Result "0-1"]
[Round "1"]
1.e4 c5
2.Ng1f3 e6
3.d4 cxd4
4.Nf3xd4 Ng8f6
5.Nb1c3 Nb8c6
6.Bf1e2 Qd8b6
7.O-O Qb6xd4
8.Qd1xd4 Nc6xd4
{ resign }
0-1

[Event "Tourn. n9063"]
[Site "www.chess-mail.com"]
[Date "2016.12.11"]
[Round "1"]
[White "Caspito"]
[Black "Servant"]
[WhiteElo "1860"]
[BlackElo "1690"]
[Result "1-0"]
[Round "1"]
1.e4 c5
2.c3 d5
3.e5 Nb8c6
4.d4 e6
5.Bf1b5 Qd8b6
6.Bb5xc6 bxc6
7.Ng1h3 cxd4
8.O-O Bc8a6
9.Rf1e1 d3
10.Nh3f4 Bf8c5
11.Qd1f3 Ng8h6
12.Nf4h5 O-O
13.Bc1xh6 Qb6xb2
14.Nh5f6 Kh8
15.Bh6xg7  { time }
1-0

[Event "Tourn. n8858"]
[Site "www.chess-mail.com"]
[Date "2016.12.11"]
[Round "1"]
[White "Ejner"]
[Black "Gearoidmac"]
[WhiteElo "2440"]
[BlackElo "2240"]
[Result "0-1"]
[Round "1"]
1.Ng1f3 d5
2.c4 d4
3.b4 g6
4.g3 Bf8g7
5.d3 e5
6.Bf1g2 Ng8e7
7.O-O Nb8d7
8.a4 a5
9.b5 O-O
10.Nb1d2 c5
11.bxc6 Ne7xc6
12.Bc1a3 Rf8e8
13.Nd2e4 Nc6b4
14.Ne4d6 Re8e6
15.Nd6xc8 Ra8xc8
16.Ba3xb4 axb4
17.Nf3d2 Rc8c7
18.a5 Bg7h6
19.Qd1c2 Nd7c5
20.Nd2b3 Nc5xb3
21.Qc2xb3 Bh6d2
22.Ra1a4 Bd2c3
23.Ra4xb4 Bc3xb4
24.Qb3xb4 Qd8e7
25.Rf1b1 Qe7xb4
26.Rb1xb4 Re6e7
27.Rb4b5 Kg7
28.Bg2d5 f5
29.f3 Kh6
30.Kf2 Kg5
31.Ke1 h5
32.Kd2 h4
33.Kc2 Re7d7
34.Kb3 Rd7h7
35.c5 hxg3
36.hxg3 f4
37.g4 Rh7d7
38.Kc4 Rd7h7
39.Bd5xb7 Rc7xb7
40.Rb5xb7 Rh7xb7
41.c6 Rb7b2
42.Kc5 Rb2a2
43.Kb6 Ra2xe2
44.c7 Re2b2
45.Kc6 Rb2c2
46.Kd6 e4
47.a6 exf3
48.a7 f2
49.a8Q f1Q
{ resign }
0-1

[Event "Tourn. n9024"]
[Site "www.chess-mail.com"]
[Date "2016.12.11"]
[Round "1"]
[White "Johnmcbride"]
[Black "Silent1"]
[WhiteElo "1930"]
[BlackElo "1950"]
[Result "0-1"]
[Round "1"]
1.d4 d5
2.e3 Ng8f6
3.Bf1d3 e6
4.f4 c5
5.c3 c4
6.Bd3c2 Bf8e7
7.Ng1f3 Nb8c6
8.O-O O-O
9.b3 cxb3
10.axb3 h6
11.b4 b5
12.Nb1d2 a6
13.h3 Bc8b7
14.Nf3e5 Qd8c7
15.Nd2f3 Nc6d8
16.Nf3d2 Nd8c6
17.Nd2f3 a5
18.Ne5xc6 Bb7xc6
19.Nf3e5 axb4
20.Bc1b2 bxc3
21.Bb2xc3 Ra8xa1
22.Bc3xa1 b4
23.Ne5xc6 Qc7xc6
24.Bc2a4 Qc6b6
25.Ba4c2 Rf8b8
26.Ba1b2 b3
27.Bc2xb3 Qb6xb3
28.Qd1c1 Qb3xb2
29.Qc1c7 Qb2b7
30.Rf1c1 Qb7xc7
31.Rc1xc7 Kf8
32.Kf2 Nf6e4
33.Kf3 Ne4d2
34.Ke2 Nd2c4
35.g4 Be7d6
36.Rc7c6 Ke7
37.Kd3 Rb8b3
38.Kc2 Rb3xe3
39.h4 Kd7
40.Rc6a6 Re3a3
41.Ra6xa3 Bd6xa3
{ resign }
0-1

[Event "Match"]
[Site "www.echecsemail.com"]
[Date "2016.12.11"]
[Round "1"]
[White "Nulladies"]
[Black "Osvalazo"]
[WhiteElo "1800"]
[BlackElo "1690"]
[Result "1-0"]
[Round "1"]
1.d4 d5
2.Bc1f4 Ng8f6
3.Nb1d2 Nb8c6
4.Ng1f3 Bc8f5
5.e3 Nc6b4
6.Bf1d3 Bf5xd3
7.cxd3 Nb4xd3
8.Ke2 Nd3xb2
9.Qd1b3 Nb2c4
10.Nd2xc4 dxc4
11.Qb3xc4 c6
12.Ra1b1 Qd8d7
13.Nf3e5 Qd7d5
14.Qc4xd5 Nf6xd5
15.Rh1c1 f6
16.Ne5f3 Nd5xf4
17.Kf1 Nf4d3
18.Rc1c3 Nd3b4
19.Rb1xb4 e6
20.d5 Bf8xb4
21.Rc3b3 a5
22.a3 Bb4d6
23.dxe6 b5
24.Nf3d4 a4
25.Rb3d3 O-O-O
26.Nd4xc6 Bd6e7
27.Nc6xe7 Kb7
28.Ne7d5 Rh8e8
29.Ke2 Re8xe6
30.f3 Re6d6
31.e4 Kc6
32.Nd5e7 Kb7
33.Ne7d5 Kc6
34.Rd3c3 Kd7
35.Rc3c7 Ke8
36.Rc7xg7 h5
37.Rg7h7 b4
38.Rh7h8 Kd7
39.Rh8h7 Kc6
40.Rh7c7 Kb5
41.Rc7b7 Kc5
42.Rb7xb4 Rd8a8
43.Nd5c3 Rd6e6
44.Nc3d5 f5
45.Nd5c7 Re6b6
46.exf5 Ra8a7
47.Nc7e6 Kc6
48.Rb4c4 Kd5
49.Rc4d4 Ke5
50.g4 Rb6b2
51.Rd4d2 Rb2b3
52.Rd2a2 h4
53.Ne6c5 Rb3c3
54.Nc5e4 Rc3c1
55.f6 Rc1h1
56.Ke3 Rh1e1
57.Ra2e2 Re1a1
58.f4 Ke6
59.g5 Ra1xa3
60.Kf2 Kf7
61.Ne4d6 Kg8
62.Re2e8 Kh7
63.f7 Ra3a2
64.Kf3 Ra2a3
65.Kg4 Ra7xf7
66.Nd6xf7 Kg7
67.Nf7e5 Ra3e3
68.Re8a8 Re3a3
69.Kxh4 Ra3a2
70.h3 a3
71.Kh5 Ra2a1
72.f5 Kh7
73.f6 Ra1e1
74.Ne5g4 { resign }
1-0

[Event "Match"]
[Site "www.echecsemail.com"]
[Date "2016.12.11"]
[Round "1"]
[White "Coolant"]
[Black "Whitekknight"]
[WhiteElo "1499"]
[BlackElo "1960"]
[Result "1/2-1/2"]
[Round "1"]
1.Nb1c3 e5
2.Ng1f3 Nb8c6
3.e4 Ng8f6
4.Bf1b5 a6
5.Bb5xc6 bxc6
6.d4 exd4
7.Qd1xd4 Bf8e7
8.b3 c5
9.Qd4a4 O-O
{ draw }
1/2-1/2

[Event "Match"]
[Site "www.echecsemail.com"]
[Date "2016.12.11"]
[Round "1"]
[White "Winston"]
[Black "Manuelito"]
[WhiteElo "1469"]
[BlackElo "1710"]
[Result "0-1"]
[Round "1"]
1.e4 e5
2.Ng1f3 d6
3.d4 exd4
4.Nf3xd4 Nb8c6
5.Nb1c3 Nc6xd4
6.Qd1xd4 Ng8e7
7.Bc1h6 c5
8.Bf1b5 Bc8d7
9.Qd4xd6 gxh6
10.O-O-O Ne7c6
11.Qd6xd7 Qd8xd7
12.Rd1xd7 Kxd7
13.Rh1d1 Kc7
14.Nc3d5 Kc8
15.Bb5xc6 bxc6
16.Nd5f6 Bf8g7
17.e5 Rh8e8
18.f4 Bg7xf6
19.exf6 Kc7
{ resign }
0-1

[Event "Match"]
[Site "www.echecsemail.com"]
[Date "2016.12.11"]
[Round "1"]
[White "Ericleo1980"]
[Black "Add"]
[WhiteElo "2240"]
[BlackElo "2080"]
[Result "1-0"]
[Round "1"]
1.e4 d6
2.d4 c6
3.c4 Nb8d7
4.f4 e6
5.Ng1f3 h6
6.Nb1c3 a6
7.a4 Ng8f6
8.Bf1d3 Nf6h7
9.a5 b6
10.Bc1e3 bxa5
11.Qd1a4 Bc8b7
12.O-O Bf8e7
13.g4 Nh7f6
14.h3 Qd8c7
15.Qa4xa5 Qc7c8
16.Ra1a4 d5
17.e5 Nf6h7
18.c5 Nd7f8
19.Rf1a1 Nf8g6
20.Kg2 Ng6h4
21.Nf3xh4 Be7xh4
22.Ra4b4 O-O
23.Be3f2 Bh4xf2
24.Kxf2 f6
25.Kg3 f5
26.Nc3a4 Ra8a7
27.Ra1a3 Rf8f7
28.Ra3b3 Nh7f8
29.Qa5b6 Qc8b8
30.Bd3xa6 Ra7xa6
31.Qb6xa6 Bb7xa6
32.Rb4xb8 Ba6b5
33.Na4c3 { resign }
1-0

[Event "Match"]
[Site "www.echecsemail.com"]
[Date "2016.12.11"]
[Round "1"]
[White "Markos123"]
[Black "Menace"]
[WhiteElo "1850"]
[BlackElo "2280"]
[Result "0-1"]
[Round "1"]
1.e4 e5
2.Bf1c4 Bf8c5
3.d3 Ng8f6
4.Bc1e3 Bc5xe3
5.fxe3 Nb8c6
6.Nb1c3 O-O
7.Ng1h3 d6
8.a3 Nf6g4
9.O-O Ng4xe3
10.Qd1f3 Ne3xf1
11.Ra1xf1 Bc8e6
12.Nc3e2 Be6xc4
13.dxc4 Nc6d4
14.Ne2xd4 exd4
 { time }
0-1

[Event "Match"]
[Site "www.echecsemail.com"]
[Date "2016.12.11"]
[Round "1"]
[White "Pinehill"]
[Black "Chapi"]
[WhiteElo "2050"]
[BlackElo "2150"]
[Result "1-0"]
[Round "1"]
1.e4 c5
2.Ng1f3 Nb8c6
3.d4 cxd4
4.Nf3xd4 Ng8f6
5.Nb1c3 g6
6.Bc1e3 Bf8g7
7.f3 d5
8.Bf1b5 Qd8d6
9.Qd1d2 a6
10.Bb5xc6 bxc6
11.Nd4b3 O-O
12.O-O-O Rf8d8
13.Kb1 a5
14.Be3c5 Qd6d7
15.Qd2e3 a4
16.Nb3d2 Bc8b7
17.Nd2c4 Qd7e6
18.exd5 Qe6xe3
19.Nc4xe3 Nf6xd5
20.Nc3xd5 cxd5
21.a3 e6
22.h4 h5
23.Rh1e1 Rd8c8
24.Bc5b4 Rc8c6
25.c3 Bg7f6
26.Re1h1 Bb7a6
27.Ne3c2 Rc6c4
28.g3 Rc4c7
29.Nc2d4 Bf6xd4
30.Rd1xd4 Ba6e2
31.f4 Ra8c8
32.Bb4a5 Rc7c4
33.Rd4xc4 Rc8xc4
34.Ba5b6 Rc4e4
35.Kc1 Kg7
36.Bb6d4 f6
37.Rh1e1 e5
38.fxe5 fxe5
39.Bd4xe5 Re4xe5
40.Kd2 Kf6
41.Re1xe2 Re5e4
42.Re2xe4 dxe4
43.Ke3 Kf5
44.c4 Ke5
45.c5 Kd5
46.c6 Kxc6
47.Kxe4 Kb5
48.Kd4 Kb6
49.Kc4 Ka5
50.Kc5 Ka6
51.Kb4 Kb6
52.Kxa4 { resign }
1-0

[Event "Match"]
[Site "www.echecsemail.com"]
[Date "2016.12.11"]
[Round "1"]
[White "Canario"]
[Black "Pinehill"]
[WhiteElo "1850"]
[BlackElo "2050"]
[Result "0-1"]
[Round "1"]
1.e4 d5
2.exd5 Ng8f6
3.Bf1c4 g6
4.d4 Bf8g7
5.Ng1f3 Nb8d7
6.Nb1c3 Nd7b6
7.Bc4b3 Nf6xd5
8.Bb3xd5 Nb6xd5
9.O-O Nd5xc3
10.bxc3 O-O
11.h3 c5
12.Bc1f4 Bc8f5
13.Qd1d2 cxd4
14.cxd4 Ra8c8
15.Ra1c1 Bf5e4
16.c3 Be4xf3
17.gxf3 Qd8a5
18.Rf1e1 Rf8d8
19.Re1e3 Rd8xd4
20.Qd2xd4 Bg7xd4
21.Re3xe7 Qa5a3
22.Re7xb7 Bd4b6
23.Bf4e5 Qa3xc1
{ resign }
0-1

[Event "1/16 Finale"]
[Site "www.chess-mail.com"]
[Date "2016.12.11"]
[Round "1"]
[White "Papaours"]
[Black "Fjpv"]
[WhiteElo "2310"]
[BlackElo "2680"]
[Result "1-0"]
[Round "1"]
1.d4 Ng8f6
2.c4 e6
3.Ng1f3 b6
4.a3 Bc8b7
5.Nb1c3 d5
6.cxd5 Nf6xd5
7.Qd1c2 Nd5xc3
8.bxc3 Bf8e7
9.e4 O-O
10.Bf1d3 c5
11.O-O Qd8c7
12.Qc2e2 Nb8c6
13.d5  { time }
1-0

[Event "Tourn. n9036"]
[Site "www.chess-mail.com"]
[Date "2016.12.12"]
[Round "1"]
[White "Vinvangogh"]
[Black "Madz123456"]
[WhiteElo "1310"]
[BlackElo "1420"]
[Result "0-1"]
[Round "1"]
1.e4 e5
2.Ng1f3 Nb8c6
3.Bf1b5 a6
4.Bb5c4 Ng8f6
5.Nb1c3 Nf6xe4
6.Nc3xe4 d5
7.Qd1e2 dxc4
8.Qe2xc4 f5
9.Nf3xe5 Nc6xe5
10.Qc4c3 Qd8e7
11.O-O fxe4
12.b4 g6
13.d3 Bf8g7
14.d4 Ne5c6
 { time }
0-1

[Event "Tourn. n9031"]
[Site "www.chess-mail.com"]
[Date "2016.12.12"]
[Round "1"]
[White "Francesco"]
[Black "Osopanda"]
[WhiteElo "1920"]
[BlackElo "2020"]
[Result "0-1"]
[Round "1"]
1.e4 c5
2.Ng1f3 d6
3.d4 cxd4
4.Nf3xd4 Ng8f6
5.Nb1c3 a6
6.Bc1g5 e6
7.Bf1e2 Bf8e7
8.O-O O-O
9.f4 Nb8d7
10.h3 h6
11.Bg5h4 Qd8c7
12.Qd1d2 b5
13.Ra1d1 Bc8b7
14.Be2f3 Rf8e8
15.a3 Ra8c8
16.Rf1f2 Nd7c5
17.Rd1e1 Nc5d7
18.Rf2e2 Nf6h7
19.Bh4f2 Nh7f8
20.Bf3h5 Re8d8
21.Bh5f3 Nd7c5
22.b4 Nc5d7
23.g4 Be7f6
24.Nc3d1 e5
25.Nd4b3 Nd7b6
26.Nb3a5 Nb6c4
27.Na5xc4 Qc7xc4
28.Nd1e3 Qc4c3
29.Qd2xc3 Rc8xc3
30.Re1a1 exf4
31.Ne3d5 Bb7xd5
32.exd5 Rc3xf3
33.Ra1a2 Rf3xh3
34.Kg2 Rh3c3
35.Bf2e1 f3
{ resign }
0-1

[Event "Tourn. n9089"]
[Site "www.chess-mail.com"]
[Date "2016.12.12"]
[Round "1"]
[White "Autmich"]
[Black "Winston"]
[WhiteElo "999"]
[BlackElo "1469"]
[Result "1-0"]
[Round "1"]
1.e4 e6
2.d4 d5
3.Nb1c3 c5
4.Bf1b5 Nb8c6
5.Ng1f3 Bc8d7
6.exd5 exd5
7.Nc3xd5 Nc6xd4
8.Nf3xd4 cxd4
9.Qd1e2 Ng8e7
10.Nd5xe7 Bf8xe7
11.O-O O-O
12.Bb5xd7 Qd8xd7
13.Bc1f4 Rf8d8
14.Ra1d1 Be7f6
15.Rd1d3 Rd8e8
16.Qe2d2 Ra8d8
17.Rf1d1 h6
18.Bf4xh6 gxh6
19.Qd2xh6 Bf6g7
20.Rd3g3 f6
21.h3 Re8e6
22.Rd1xd4 Qd7e7
23.Rd4xd8 { resign }
1-0

[Event "Tourn. n9096"]
[Site "www.chess-mail.com"]
[Date "2016.12.12"]
[Round "1"]
[White "Nulladies"]
[Black "Urbe69"]
[WhiteElo "1830"]
[BlackElo "1729"]
[Result "1/2-1/2"]
[Round "1"]
1.d4 e6
2.Bc1f4 c5
3.c3 Qd8b6
4.Qd1d2 cxd4
5.e3 dxe3
6.Bf4xe3 Bf8c5
7.Be3xc5 Qb6xc5
8.Ng1f3 Ng8f6
9.g3 O-O
10.Bf1g2 d5
11.O-O Nb8c6
12.b4 Qc5b6
13.Nf3d4 Nc6xd4
14.Qd2xd4 Qb6xd4
15.cxd4 Bc8d7
16.Nb1d2 Rf8c8
17.Ra1c1 Bd7b5
18.Rf1e1 Nf6e8
19.Nd2b3 Ne8d6
20.Nb3a5 b6
21.Na5b3 Rc8c4
22.Rc1xc4 Bb5xc4
23.Re1b1 Bc4d3
24.Rb1c1 Ra8c8
25.Rc1xc8 Nd6xc8
{ draw }
1/2-1/2

[Event "Tourn. n9055"]
[Site "www.chess-mail.com"]
[Date "2016.12.12"]
[Round "1"]
[White "Seger"]
[Black "Papaours"]
[WhiteElo "2800"]
[BlackElo "2320"]
[Result "1-0"]
[Round "1"]
1.d4 Ng8f6
2.Ng1f3 g6
3.c4 Bf8g7
4.Nb1c3 O-O
5.e4 d6
6.Bc1e3 e5
7.dxe5 dxe5
8.Qd1c2 Nb8d7
9.Ra1d1 Rf8e8
10.Bf1e2 c6
11.O-O Qd8e7
12.h3 h6
13.Kh2 Nf6h5
14.g3 Nd7f8
15.c5 Bc8e6
16.Rd1d6 Re8d8
17.Rf1d1 Rd8d7
18.b4 Ra8d8
19.b5 Rd7xd6
20.cxd6 Qe7e8
21.Be3xa7 cxb5
22.Be2xb5 Nf8d7
23.Nc3d5 Nh5f6
24.Nd5c7 Qe8f8
25.Nc7xe6 fxe6
26.Qc2c7 { resign }
1-0